[Event "NED-ch op-A"]
[Site "Borne"]
[Date "2019.08.07"]
[Round "8"]
[White "Leenen, Boyd"]
[Black "Van Borren, Ruben"]
[Result "1-0"]
[WhiteElo "618"]
[BlackElo "334"]
[PlyCount "85"]
[EventDate "2019.08.05"]
[EventType "swiss"]
[EventRounds "9"]
[EventCountry "NED"]
[SourceTitle "EXT 2020"]
[Source "ChessBase"]
[SourceDate "2019.10.17"]
[SourceVersion "1"]
[SourceVersionDate "2019.10.17"]
[SourceQuality "1"]

1. e4 e5 2. Nf3 Nc6 3. Nc3 Nf6 4. Bc4 Bc5 5. d3 d6 6. Be3 Be6 7. Bb5 a6 8. Bxc6+ bxc6 9. Bxc5 0-0 10. Be3 Rb8 11. b3 Bg4 12. h3 Bxf3 13. Qxf3 Qe7 14. 0-0 Qe6 15. Qf5 Qxf5 16. exf5 Nd5 17. Nxd5 cxd5 18. c4 dxc4 19. dxc4 c6 20. Rfd1 d5 21. cxd5 cxd5 22. Rxd5 Rbd8 23. Rxe5 f6 24. Ra5 Rd6 25. Bc5 Rd5 26. Bxf8 Rxa5 27. Bb4 Rd5 28. g4 a5 29. Bc3 Rd3 30. Bxa5 Rg3+ 31. fxg3 g6 32. fxg6 Kg7 33. gxh7 Kxh7 34. Rc1 Kg6 35. b4 Kf7 36. b5 Kg6 37. b6 Kg5 38. b7 Kh6 39. b8Q Kg6 40. Qb3 Kg7 41. Rc7+ Kg6 42. Qg8+ Kh6 43. Rh7# 1-0